| 000 | 01059nam a22002417a 4500 | ||
|---|---|---|---|
| 005 | 20150324104650.0 | ||
| 008 | 110810t xxu||||| |||| 00| 0 mar d | ||
| 010 | _aMAR-21238 | ||
| 020 |
_c350.00 _a9788177864663 |
||
| 035 | _aMR-13896 | ||
| 037 | _bDBAD/PUB | ||
| 040 |
_aDPL _bMR |
||
| 082 | _a891.466 | ||
| 245 |
_aरानगंधाचे गारूड : _cप्रकाश होळकर द्वारा संपादित _bना. धों. महानोर यांचा निवडक पत्रसंग्रह / |
||
| 246 | _aRaanagandhaache Gaarud | ||
| 260 |
_aऔरंगाबाद _bसाकेत प्रकाशन _c2008 |
||
| 270 |
_a115,म.गांधीनगर,स्टेशनरोड, _bऔरंगाबाद _e431005 |
||
| 300 |
_aतेरा,272पृ. _c25सेमी(सजिल्द) |
||
| 650 |
_aपत्र _932964 |
||
| 650 |
_aLetters _932965 |
||
| 700 |
_aहोळकर,प्रकाश _933146 |
||
| 942 |
_2ddc _cMR _h891.466 _mरानगं |
||
| 999 |
_c55662 _d55662 |
||